4 Most Famous Cities in Tonga on a Map - Statistics

General Stats
  • This quiz has been taken 59 times
  • The average score is 2 of 4
Answers on the Map
Answers color-coded by a green-red scale on the quiz's map according to % correct below.
 
Answer Stats
Wiki Monthly Views Cityquiz Mention Rate Population Answers % Correct
15.62K 11.52% 21.18K Nukuʻalofa
100%
1.30K - 5.00K Muʻa
25%
0.77K 0.40% 3.83K Neiafu
25%
0.47K - 1.74K Pangai
22%
No matching quizzes found
Score Distribution
Percent of People with Each Score
Percentile by Number Answered
Your Score History
You have not taken this quiz